000
00296nam a22001337a 4500
999
_c
524200
_d
524200
020
_a
9787119117355
040
_c
NUST
082
_a
951.035
_b
UND
100
_a
Fuguo
_9
15016
245
_a
understanding china poverty alleviation
300
_a
ill,415,p.:
500
_a
H.B
942
_2
ddc
_c
BK